1325 1197 1458 1331 1749 1666 1891 1634 1558 1397 1131 1818 1373 1035 1402 1373 1647 1494 1578 1100 1836 1234 1890 1496 1673 1508 1304 1068 1871 1852 1603 2000 1796 1353 1319 1701 1220 1881 1804 1558 1269 1281 1391 1251 1454 1534 1327 1305 1027 1496 1112 1502 1132 1443 1760 1412 1067 1603 1042 1720 1956 1553 1788 1405 1517 1162 1099 1964 1046 1166 1408 1835 1270 1934 1291 1810 1908 1530 1221 1511 1838 1368 1337 1167 1738 1190 1911 1621 1463 1495 1209 1000 1668 1813 1466 1628 1997 1239 1327 BCNSPRNW ULIB Ver.6.0+V

เปลี่ยนเป็นภาษาไทย

Change to English
 แสดงรายละเอียดบรรณานุกรม
  กลับหน้าหลัก

Brief Record : Get Marc (ISO 2709) : E-mail record : QR code < ปิดหน้าต่าง
LEADER : 00000nam 2200000uu 4500
001    13399128643
003     ULIB
008    230925s||||||||th 000 0 tha d
020    ^a9786164384606
060 04 ^aW265.JT3^bจ313ร
100 0  ^aจุฬาภรณ์ ลิมวัฒนานนท์
245 10 ^aการวิเคราะห์ข้อมูลเบิกจ่ายของโรงพยาบาลเพื่อการประเมินผลนโยบายในระบบประกันสุขภาพ =^bAnalysis of hospital claims data for policyevaluation in health insurance systems /^cจุฬาภรณ์ลิมวัฒนานนท์
246 31 ^aAnalysis of hospital claims data for policy evaluation inhealth insurance systems
250    ^aพิมพ์ครั้งที่ 1
260    ^aขอนแก่น :^bคณะเภสัชศาสตร์ มหาวิทยาลัยขอนแก่น,^c2563
300    ^aก-ภ, 418 หน้า :^bภาพประกอบ ;^c29 ซม.
504    ^aมีบรรณานุกรมท้ายบท
505 0  ^aส่วนที่ 1 บทนำ -- การประเมินผลนโยบายด้วยการวิเคราะห์ข้อมูลเบิกจ่าย --ส่วนที่ 2 การเตรียมข้อมูลเพื่อประเมินผลของนโยบาย :ลักษณะข้อมูลและวิธีการ -- ข้อมูลเบิกจ่ายในระบบประกันสุขภาพไทย --การจัดการข้อมูลพื้นฐาน -- การเตรียมชุดข้อมูลสำหรับการวิเคราะห์ --ส่วนที่ 3 การวิเคราะห์เพื่อประเมินผลของนโยบาย : เทคนิคที่ใช้บ่อย --การวิเคราะห์ถดถอยด้วยตัวแบบ fixed effects -- การวิเคราะห์difference in difeffences -- การวิเคราะห์ข้อมูลแบบ panel --การวิเคราะห์ interrupted time-series -- การวิเคราะห์propensity-score matching -- ส่วนที่ 4บริบทและผลการประเมินนโยบาย : กรณีศึกษา --การปรับอัตราจ่ายพื้นฐานของระบบกลุ่มวินิจฉัยโรคร่วมในระบบหลักประกันสุขภาพแห่งชาติ --การบริหารจัดการกรณีเฉพาะสำหรับการผ่าตัดต้อกระจกในระบบหลักประกันสุขภาพแห่งชาติ --การกำกับการสั่งใช้ยาผู้ป่วยนอกของระบบสวัสดิการรักษาพยาบาลข้าราชการ --การส่งเสริมการสั่งใช้ยาปฏิชีวนะอย่างสมเหตุผลในผู้ป่วยนอก -- บทส่งท้าย --แนวทางการพัฒนาการใช้ข้อมูลเบิกจ่ายเพื่อประเมินผลนโยบายในระบบประกันสุขภาพ
650  4 ^aการใช้ยาของโรงพยาบาล^xการวิเคราะห์
650  4 ^aค่าใช้จ่ายในการรักษาพยาบาล
650  4 ^aค่ารักษาพยาบาล
650  4 ^aประกันสุขภาพ^xค่าใช้จ่ายด้านยา
650  4 ^aบริการสุขภาพ^xค่าใช้จ่าย
650  4 ^aสวัสดิการข้าราชการ^xค่ารักษาพยาบาล
710 2  ^aมหาวิทยาลัยขอนแก่น.^bคณะเภสัชศาสตร์
945    ^p400^l0^i30000
999    ^aกัณชพร จุลอักษร
รายการนี้ยังไม่มีแท็ก
คุณยังไม่ได้ล็อกอิน คุณสามารถมีกิจกรรมร่วมกับเว็บไซต์ได้ แต่ต้องล็อกอินก่อน ::
  ล็อกอิน

รายการสื่อสารสนเทศ

ลำดับที่ ประเภท เลขเรียก/บาร์โค้ด สถานที่ สถานะ
1. วิทยาศาสตร์การแพทย์ และสุขภาพ
วิทยาศาสตร์การแพทย์ และสุขภาพ
W265.JT3 จ313ร ฉ.1 
  Barcode: 30000
ห้องสมุดวิทยาเขตนครสวรรค์
►หนังสือทั่วไป:l:General Books
บนชั้น

รายการใกล้เคียง
    ผู้แต่ง [จุฬาภรณ์ ลิมวัฒนานนท์]

    หัวเรื่อง [ค่าใช้จ่ายในการรักษาพยาบาล]
    หัวเรื่อง [ค่ารักษาพยาบาล]

BibComment


ยังไม่เคยถูกคอมเมนท์

คอมเมนท์ทรัพยากรรายการนี้
  คอมเมนท์: การวิเคราะห์ข้อม..


 Copyright 2026. Bcnsprnw @Library